Cartografía de la novela chilena reciente : realismos, experimentalismos, hibridaciones y subgéneros

Bibliographic Details
Main Author: Areco, Macarena
Other Authors: Huneeus, Marcial (colaborador)
Format: Libro
Language:Undetermined
Published: Santiago, Chile : Ceibo, 2015.
Subjects:
Online Access:

MARC

LEADER 00000nam a2200000Ia 4500
001 49467
008 230117s9999 xx 000 0 und d
020 |a 9789563590081 
040 |a UAHC  |c UAHC 
082 |a 306.09  |b AR678 
100 |a  Areco, Macarena 
245 0 |a Cartografía de la novela chilena reciente :  |b realismos, experimentalismos, hibridaciones y subgéneros   |c Macarena Areco 
260 |a Santiago, Chile :  |b Ceibo,  |c 2015. 
300 |a 273 páginas. 
650 |a Geografia 
700 |a Huneeus, Marcial  |e colaborador 
900 |a 306.09 ARE 
942 |c BK 
952 |0 0  |1 0  |4 0  |6 306_090000000000000_ARE  |7 0  |8 COMP  |9 97651  |a BC  |b BC  |c General  |d 2023-01-17  |l 0  |o 306.09 ARE  |p 1450502  |r 2026-01-13 00:00:00  |t 1  |w 2023-01-17  |y BK 
999 |c 60206  |d 60206